Handbook of incineration systems
| Main Author: | |
|---|---|
| Format: | Book |
| Published: |
New York
McGraw-Hill
c1991
|
| Subjects: |
MARC
| LEADER | 00000cam a2200000 7i4500 | ||
|---|---|---|---|
| 001 | 0000000268 | ||
| 008 | 021118s1991 | ||
| 020 | |a 0070085897 | ||
| 090 | 0 | 0 | |a TD769 |b .B777 1991 |
| 100 | 0 | |a Brunner, Calvin R. |e author | |
| 245 | 1 | 0 | |a Handbook of incineration systems |c Calvin R. Brunner |
| 260 | 2 | |a New York |b McGraw-Hill |c c1991 | |
| 300 | |a 1 v. (various pagings) |c 24 cm | ||
| 650 | 0 | |a Incineration |v Handbooks, manuals, etc. | |
| 650 | 0 | |a Incinerators |v Handbooks, manuals, etc. | |
| 999 | |a 1000052765 |b Book |c Reference |e Gong Badak Campus | ||